000 00640cam a2200229 4500
001 B3431
008 090401t1990 xxu||||| |||| 00| 0 eng d
035 _a(Sirsi) u56002
041 _aeng
050 _a690.3
100 _aHodgkinson, Martin P
245 _aQuality management systems for small and medium sized building companies
260 _aAscot,Berks
_bChartered Institute of Building
_c1990
300 _a10p. : ill. ; 30cm.
350 _a45
490 _aTechnical Information Service
_v123
650 _aBUILDING INDUSTRY
650 _aQUALITY ASSURANCE
650 _aSIMONS GROUP
942 _n0
948 _c04/03/1997
999 _c93702
_d93702